[Event "Russian Rapid Championship (w)"]
[Site "Sochi"]
[Date "2022.10.15"]
[Round "5.5"]
[White "Bodnaruk, Anastasia"]
[Black "Nur-Mukhametova, Alisa"]
[Result "1/2-1/2"]
[BlackElo "2052"]
[WhiteElo "2278"]
[LiveChessVersion "1.4.8"]

1. e4 {[%clk 0:15:20]} c5 {[%clk 0:15:19]} 2. Nc3 {[%clk 0:15:28]} d6
{[%clk 0:15:22]} 3. Nge2 {[%clk 0:15:32]} Nc6 {[%clk 0:15:04]} 4. d4
{[%clk 0:15:34]} cxd4 {[%clk 0:15:10]} 5. Nxd4 {[%clk 0:15:43]} Nf6
{[%clk 0:15:17]} 6. Bc4 {[%clk 0:15:50]} e6 {[%clk 0:15:13]} 7. Be3
{[%clk 0:15:50]} a6 {[%clk 0:15:16]} 8. Bb3 {[%clk 0:15:55]} Bd7 {[%clk 0:15:15]}
9. Qe2 {[%clk 0:15:48]} Qc7 {[%clk 0:14:36]} 10. O-O-O {[%clk 0:15:39]} b5
{[%clk 0:14:34]} 11. g4 {[%clk 0:13:16]} b4 {[%clk 0:13:37]} 12. Na4
{[%clk 0:12:49]} Be7 {[%clk 0:11:30]} 13. f3 {[%clk 0:08:05]} Nxd4
{[%clk 0:10:36]} 14. Bxd4 {[%clk 0:08:12]} Bb5 {[%clk 0:09:21]} 15. Qd2
{[%clk 0:06:13]} O-O {[%clk 0:08:27]} 16. g5 {[%clk 0:04:36]} Nd7
{[%clk 0:08:16]} 17. Qxb4 Be2 {[%clk 0:06:07]} 18. Rde1 {[%clk 0:03:21]} Bxg5+
{[%clk 0:05:32]} 19. Kb1 {[%clk 0:03:31]} Rab8 {[%clk 0:05:05]} 20. Qc3
{[%clk 0:02:35]} Qxc3 {[%clk 0:05:08]} 21. Nxc3 {[%clk 0:02:44]} Bxf3
{[%clk 0:05:08]} 22. Rhg1 {[%clk 0:02:45]} Bh6 {[%clk 0:04:14]} 23. Rg3
{[%clk 0:02:05]} Bh5 {[%clk 0:04:09]} 24. Reg1 {[%clk 0:01:53]} Ne5
{[%clk 0:03:36]} 25. Nd1 {[%clk 0:00:56]} Rfe8 {[%clk 0:01:23]} 26. Nf2
{[%clk 0:01:05]} Nf3 {[%clk 0:00:29]} 27. Bxg7 {[%clk 0:00:57]} Bxg7
{[%clk 0:00:20]} 28. Rxg7+ {[%clk 0:01:05]} Kh8 {[%clk 0:00:19]} 29. R1g3
{[%clk 0:00:44]} Nd2+ {[%clk 0:00:27]} 30. Kc1 {[%clk 0:00:53]} Nxb3+
{[%clk 0:00:36]} 31. axb3 {[%clk 0:01:02]} Bg6 {[%clk 0:00:45]} 32. R7xg6
{[%clk 0:01:12]} hxg6 {[%clk 0:00:46]} 33. h4 {[%clk 0:01:16]} Rb5
{[%clk 0:00:50]} 34. Nd3 {[%clk 0:01:18]} Rh5 {[%clk 0:00:50]} 35. Rg4
{[%clk 0:01:19]} Kh7 {[%clk 0:00:47]} 36. Nf4 {[%clk 0:01:19]} Re5
{[%clk 0:00:40]} 37. Nd3 {[%clk 0:01:27]} Rb5 {[%clk 0:00:49]} 38. b4
{[%clk 0:01:20]} f5 {[%clk 0:00:51]} 39. exf5 {[%clk 0:01:22]} gxf5
{[%clk 0:00:44]} 40. Rd4 {[%clk 0:01:09]} Rb6 {[%clk 0:00:53]} 41. c4
{[%clk 0:00:40]} e5 {[%clk 0:00:57]} 42. Rd5 {[%clk 0:00:49]} e4 {[%clk 0:00:59]}
43. c5 {[%clk 0:00:57]} Rb5 {[%clk 0:00:26]} 44. Nf4 {[%clk 0:00:58]} e3
{[%clk 0:00:24]} 45. Kd1 {[%clk 0:00:41]} Rxb4 {[%clk 0:00:25]} 46. Rxf5
{[%clk 0:00:24]} Rd4+ {[%clk 0:00:15]} 47. Ke1 {[%clk 0:00:26]} Re5
{[%clk 0:00:14]} 48. Rf7+ Kg8 {[%clk 0:00:23]} 49. Rf6 {[%clk 0:00:24]} e2
{[%clk 0:00:18]} 50. Nxe2 {[%clk 0:00:20]} Rde4 {[%clk 0:00:24]} 51. Rf2
{[%clk 0:00:29]} dxc5 {[%clk 0:00:27]} 52. Kd2 {[%clk 0:00:38]} Rxh4
{[%clk 0:00:26]} 53. Nf4 {[%clk 0:00:47]} Rf5 {[%clk 0:00:17]} 54. Rg2+
{[%clk 0:00:56]} Kf7 {[%clk 0:00:23]} 55. Nd3 {[%clk 0:01:06]} Rd4
{[%clk 0:00:23]} 56. Kc2 {[%clk 0:00:51]} c4 {[%clk 0:00:17]} 57. Nb4
{[%clk 0:00:40]} a5 {[%clk 0:00:16]} 58. Na2 {[%clk 0:00:49]} Rd3
{[%clk 0:00:15]} 59. Nc3 {[%clk 0:00:54]} Rdf3 {[%clk 0:00:15]} 60. Rg4
{[%clk 0:00:41]} Rf2+ {[%clk 0:00:21]} 61. Kb1 {[%clk 0:00:48]} R2f4
{[%clk 0:00:19]} 62. Rg3 {[%clk 0:00:49]} Ke6 {[%clk 0:00:22]} 63. Rg8
{[%clk 0:00:49]} Rf8 {[%clk 0:00:22]} 64. Rg5 {[%clk 0:00:51]} R8f5
{[%clk 0:00:29]} 65. Rg8 {[%clk 0:01:00]} Re5 {[%clk 0:00:27]} 66. Rc8
{[%clk 0:00:51]} Kf5 {[%clk 0:00:22]} 67. Ka2 {[%clk 0:00:48]} Kg4
{[%clk 0:00:18]} 68. Ka3 Kf3 {[%clk 0:00:17]} 69. Rd8 {[%clk 0:00:29]} Kf2
{[%clk 0:00:14]} 70. Ka2 {[%clk 0:00:24]} Kf3 {[%clk 0:00:17]} 71. Ka3
{[%clk 0:00:32]} Rf7 {[%clk 0:00:16]} 72. Rc8 {[%clk 0:00:34]} Rf4
{[%clk 0:00:19]} 1/2-1/2

[Event "Russian Rapid Championship (w)"]
[Site "Sochi"]
[Date "2022.10.15"]
[Round "5.6"]
[White "Garifullina, Leya"]
[Black "Potapova, Margarita"]
[Result "1-0"]
[BlackElo "2143"]
[WhiteElo "2273"]
[LiveChessVersion "1.4.8"]

1. e4 {[%clk 0:15:18]} c6 {[%clk 0:15:19]} 2. d4 {[%clk 0:15:26]} d5
{[%clk 0:15:28]} 3. e5 {[%clk 0:15:35]} Bf5 {[%clk 0:15:36]} 4. Nf3
{[%clk 0:15:44]} e6 {[%clk 0:15:45]} 5. Be2 {[%clk 0:15:53]} c5 {[%clk 0:15:53]}
6. O-O {[%clk 0:16:00]} Nc6 {[%clk 0:16:01]} 7. c3 {[%clk 0:15:43]} cxd4
{[%clk 0:16:03]} 8. Nxd4 {[%clk 0:15:51]} Nge7 {[%clk 0:16:09]} 9. Nxf5
{[%clk 0:16:00]} Nxf5 {[%clk 0:16:17]} 10. Bd3 {[%clk 0:16:08]} g6
{[%clk 0:16:21]} 11. Qe2 {[%clk 0:16:16]} Bg7 {[%clk 0:16:25]} 12. f4
{[%clk 0:16:24]} O-O {[%clk 0:16:31]} 13. Kh1 {[%clk 0:16:24]} f6
{[%clk 0:15:36]} 14. exf6 {[%clk 0:16:27]} Qxf6 {[%clk 0:15:22]} 15. Nd2
{[%clk 0:15:54]} Rae8 {[%clk 0:14:46]} 16. Nf3 {[%clk 0:14:47]} Qd8
{[%clk 0:14:50]} 17. Bb5 {[%clk 0:14:20]} Nd6 {[%clk 0:14:11]} 18. Be3
{[%clk 0:12:25]} Ne4 {[%clk 0:10:33]} 19. Rae1 {[%clk 0:08:40]} Qc7
{[%clk 0:10:20]} 20. Ba4 {[%clk 0:06:42]} a6 {[%clk 0:09:37]} 21. c4
{[%clk 0:05:52]} Kh8 {[%clk 0:09:08]} 22. Qd3 {[%clk 0:05:29]} Rd8
{[%clk 0:08:50]} 23. cxd5 {[%clk 0:04:50]} exd5 {[%clk 0:08:54]} 24. Nd2
{[%clk 0:04:30]} Rfe8 {[%clk 0:07:04]} 25. Nxe4 {[%clk 0:04:14]} Rxe4
{[%clk 0:04:44]} 26. Bxc6 {[%clk 0:03:17]} Qxc6 {[%clk 0:04:13]} 27. b3
{[%clk 0:03:16]} Qc3 {[%clk 0:03:50]} 28. Qxc3 {[%clk 0:01:44]} Bxc3
{[%clk 0:03:59]} 29. Bb6 {[%clk 0:01:52]} Rd6 {[%clk 0:02:02]} 30. Rc1
{[%clk 0:00:56]} Rc6 {[%clk 0:01:27]} 31. Bg1 {[%clk 0:00:47]} d4
{[%clk 0:01:29]} 32. Rcd1 {[%clk 0:00:51]} Rd6 {[%clk 0:01:03]} 33. g3
{[%clk 0:00:37]} Re2 {[%clk 0:00:26]} 34. Rf2 {[%clk 0:00:39]} Rxf2
{[%clk 0:00:32]} 35. Bxf2 {[%clk 0:00:48]} d3 {[%clk 0:00:40]} 36. Kg2
{[%clk 0:00:56]} d2 {[%clk 0:00:43]} 37. Kf3 {[%clk 0:01:05]} Re6
{[%clk 0:00:51]} 38. Be3 {[%clk 0:01:03]} Rd6 {[%clk 0:00:41]} 39. Ke2
{[%clk 0:01:11]} Bb4 {[%clk 0:00:14]} 40. Bxd2 {[%clk 0:01:14]} Re6+
{[%clk 0:00:24]} 41. Be3 {[%clk 0:01:22]} Bc5 {[%clk 0:00:30]} 42. Rd3
{[%clk 0:01:30]} Re7 {[%clk 0:00:36]} 43. Kf3 {[%clk 0:01:38]} Bb4
{[%clk 0:00:26]} 44. g4 {[%clk 0:01:40]} Kg7 {[%clk 0:00:28]} 45. h4
{[%clk 0:01:21]} Kf6 {[%clk 0:00:19]} 46. Bd4+ {[%clk 0:01:19]} Kf7
{[%clk 0:00:28]} 47. Be5 {[%clk 0:01:27]} Be1 {[%clk 0:00:32]} 48. h5
{[%clk 0:01:28]} gxh5 {[%clk 0:00:25]} 49. gxh5 {[%clk 0:01:36]} Bb4
{[%clk 0:00:34]} 50. Ke4 {[%clk 0:01:39]} Ba3 {[%clk 0:00:41]} 51. Kf5
{[%clk 0:01:43]} b5 {[%clk 0:00:26]} 52. Rg3 {[%clk 0:01:44]} Kf8
{[%clk 0:00:33]} 53. h6 {[%clk 0:01:46]} Rf7+ {[%clk 0:00:42]} 54. Ke4
{[%clk 0:01:46]} Bc1 {[%clk 0:00:12]} 55. Rc3 {[%clk 0:01:49]} Ba3
{[%clk 0:00:18]} 56. Rc8+ {[%clk 0:01:44]} Ke7 {[%clk 0:00:27]} 57. Rc6
{[%clk 0:01:52]} a5 {[%clk 0:00:26]} 58. Rb6 {[%clk 0:01:59]} b4 {[%clk 0:00:13]}
59. Ra6 {[%clk 0:02:06]} Ke8 {[%clk 0:00:14]} 60. Ra8+ {[%clk 0:02:11]} Kd7
{[%clk 0:00:21]} 61. Rxa5 {[%clk 0:02:14]} Kc6 {[%clk 0:00:28]} 62. Rd5
{[%clk 0:02:14]} Bc1 {[%clk 0:00:24]} 63. Rd1 {[%clk 0:02:08]} Ba3
{[%clk 0:00:30]} 64. Rg1 {[%clk 0:02:13]} Rd7 {[%clk 0:00:17]} 65. Rg7
{[%clk 0:02:20]} Rd2 {[%clk 0:00:23]} 66. Rxh7 {[%clk 0:02:26]} Rh2
{[%clk 0:00:21]} 67. Rc7+ {[%clk 0:02:33]} Kb6 {[%clk 0:00:30]} 68. h7
{[%clk 0:02:41]} Rh1 {[%clk 0:00:25]} 69. Rf7 {[%clk 0:02:43]} 1-0

[Event "Russian Rapid Championship (w)"]
[Site "Sochi"]
[Date "2022.10.15"]
[Round "5.7"]
[White "Zhapova, Yana"]
[Black "Vasilevich, Tatjana"]
[Result "0-1"]
[BlackElo "2226"]
[WhiteElo "2120"]
[LiveChessVersion "1.4.8"]

1. e4 {[%clk 0:15:18]} c5 {[%clk 0:15:19]} 2. Nf3 {[%clk 0:15:26]} e6
{[%clk 0:15:28]} 3. d4 {[%clk 0:15:33]} cxd4 {[%clk 0:15:37]} 4. Nxd4
{[%clk 0:15:41]} Nc6 {[%clk 0:15:46]} 5. Nc3 {[%clk 0:15:44]} Qc7
{[%clk 0:15:54]} 6. g3 {[%clk 0:15:26]} a6 {[%clk 0:15:54]} 7. Bg2
{[%clk 0:15:31]} d6 {[%clk 0:16:02]} 8. O-O {[%clk 0:15:29]} Bd7 {[%clk 0:16:11]}
9. Be3 {[%clk 0:14:46]} Nf6 {[%clk 0:16:16]} 10. a4 {[%clk 0:14:00]} Be7
{[%clk 0:16:08]} 11. Nb3 {[%clk 0:12:50]} Ne5 {[%clk 0:15:57]} 12. Qe2
{[%clk 0:11:34]} Nc4 {[%clk 0:15:50]} 13. Bc1 {[%clk 0:11:27]} O-O
{[%clk 0:15:41]} 14. f4 {[%clk 0:11:30]} Rac8 {[%clk 0:13:11]} 15. g4
{[%clk 0:11:15]} b5 {[%clk 0:13:08]} 16. axb5 {[%clk 0:10:31]} axb5
{[%clk 0:13:08]} 17. g5 {[%clk 0:09:53]} Ne8 {[%clk 0:13:17]} 18. Kh1
{[%clk 0:09:36]} b4 {[%clk 0:13:01]} 19. Nd1 {[%clk 0:09:39]} f6 {[%clk 0:12:11]}
20. gxf6 {[%clk 0:09:15]} Bxf6 {[%clk 0:11:51]} 21. c3 {[%clk 0:08:21]} Bb5
{[%clk 0:10:59]} 22. Rg1 {[%clk 0:07:12]} Qd7 {[%clk 0:08:21]} 23. Qg4
{[%clk 0:06:21]} g6 {[%clk 0:05:22]} 24. cxb4 {[%clk 0:04:18]} Ng7
{[%clk 0:05:27]} 25. Nc3 {[%clk 0:04:19]} Nb6 {[%clk 0:03:18]} 26. Bd2
{[%clk 0:03:25]} Nc4 {[%clk 0:03:06]} 27. Bc1 {[%clk 0:03:12]} Rc7
{[%clk 0:02:38]} 28. Rd1 {[%clk 0:03:06]} Nxb2 {[%clk 0:01:26]} 29. Bxb2
{[%clk 0:02:51]} Bxc3 {[%clk 0:01:35]} 30. Bxc3 {[%clk 0:02:49]} Rxc3
{[%clk 0:01:44]} 31. Nd4 {[%clk 0:02:55]} Bc4 {[%clk 0:01:26]} 32. Rac1
{[%clk 0:02:24]} Rxc1 {[%clk 0:01:30]} 33. Rxc1 {[%clk 0:02:33]} d5
{[%clk 0:01:31]} 34. Rd1 {[%clk 0:01:27]} Qf7 {[%clk 0:01:31]} 35. exd5
{[%clk 0:01:12]} exd5 {[%clk 0:01:27]} 36. Nc6 {[%clk 0:01:11]} Qb7
{[%clk 0:01:02]} 37. Ne5 {[%clk 0:00:49]} Qxb4 {[%clk 0:01:00]} 38. h3
{[%clk 0:00:19]} Qb3 {[%clk 0:00:46]} 39. Kh2 {[%clk 0:00:19]} Qe3
{[%clk 0:00:37]} 40. Ra1 {[%clk 0:00:14]} Nh5 {[%clk 0:00:19]} 41. Nxc4
{[%clk 0:00:11]} dxc4 {[%clk 0:00:28]} 42. Ra7 {[%clk 0:00:19]} Qxf4+
{[%clk 0:00:34]} 43. Qxf4 {[%clk 0:00:27]} Nxf4 {[%clk 0:00:42]} 44. Be4
{[%clk 0:00:33]} Rc8 {[%clk 0:00:44]} 45. Kg3 {[%clk 0:00:39]} Ne2+
{[%clk 0:00:49]} 46. Kf3 {[%clk 0:00:44]} Nd4+ {[%clk 0:00:57]} 47. Ke3
{[%clk 0:00:51]} Nb5 {[%clk 0:00:59]} 48. Ra5 {[%clk 0:00:39]} Nd6
{[%clk 0:01:01]} 49. Bd5+ {[%clk 0:00:41]} Kh8 {[%clk 0:00:52]} 50. Kd2
{[%clk 0:00:42]} c3+ {[%clk 0:00:52]} 51. Kc2 {[%clk 0:00:50]} Nf5
{[%clk 0:00:56]} 52. Be4 {[%clk 0:00:43]} Nd4+ {[%clk 0:00:57]} 53. Kd3
{[%clk 0:00:35]} c2 {[%clk 0:01:00]} 54. Kxd4 0-1

[Event "Russian Rapid Championship (w)"]
[Site "Sochi"]
[Date "2022.10.15"]
[Round "5.8"]
[White "Maletina, Tatiana"]
[Black "Solozhenkina, Elizaveta"]
[Result "1-0"]
[BlackElo "2195"]
[WhiteElo "2116"]
[LiveChessVersion "1.4.8"]

1. d4 {[%clk 0:15:19]} Nf6 {[%clk 0:15:18]} 2. Bg5 {[%clk 0:15:27]} Ne4
{[%clk 0:15:23]} 3. Bf4 {[%clk 0:15:36]} d5 {[%clk 0:15:31]} 4. e3
{[%clk 0:15:45]} e6 {[%clk 0:15:25]} 5. Bd3 {[%clk 0:15:53]} Nf6 {[%clk 0:14:49]}
6. Nd2 {[%clk 0:16:01]} Bd6 {[%clk 0:14:56]} 7. Bg3 {[%clk 0:16:06]} O-O
{[%clk 0:15:00]} 8. c3 {[%clk 0:16:10]} c5 {[%clk 0:15:07]} 9. f4
{[%clk 0:16:18]} b6 {[%clk 0:15:00]} 10. Ngf3 {[%clk 0:16:18]} Ba6
{[%clk 0:15:05]} 11. Qe2 {[%clk 0:16:16]} Qc8 {[%clk 0:14:47]} 12. O-O
{[%clk 0:15:55]} Qb7 {[%clk 0:14:11]} 13. c4 {[%clk 0:14:23]} dxc4
{[%clk 0:10:14]} 14. Nxc4 {[%clk 0:14:28]} Be7 {[%clk 0:10:23]} 15. Bh4
{[%clk 0:14:12]} Rd8 {[%clk 0:08:51]} 16. Rad1 {[%clk 0:08:00]} Nc6
{[%clk 0:06:04]} 17. dxc5 {[%clk 0:08:02]} bxc5 {[%clk 0:03:35]} 18. Nfe5
{[%clk 0:07:57]} Nb4 {[%clk 0:03:07]} 19. Bb1 {[%clk 0:07:22]} Rxd1
{[%clk 0:02:38]} 20. Rxd1 {[%clk 0:07:30]} Rd8 {[%clk 0:02:46]} 21. Rxd8+
{[%clk 0:06:59]} Bxd8 {[%clk 0:02:55]} 22. Qd1 {[%clk 0:05:16]} Qd5
{[%clk 0:02:01]} 23. Qxd5 {[%clk 0:05:23]} Nbxd5 {[%clk 0:02:06]} 24. Be1
{[%clk 0:04:23]} Bc7 {[%clk 0:02:06]} 25. Bd2 {[%clk 0:04:31]} Kf8
{[%clk 0:02:10]} 26. g3 {[%clk 0:04:03]} h6 {[%clk 0:02:06]} 27. h3
{[%clk 0:03:58]} Nb6 {[%clk 0:01:36]} 28. b3 {[%clk 0:03:47]} Nfd5
{[%clk 0:01:30]} 29. e4 {[%clk 0:03:18]} Ne7 {[%clk 0:01:38]} 30. Bd3
{[%clk 0:02:34]} Bb7 {[%clk 0:01:04]} 31. Be3 {[%clk 0:02:35]} f6
{[%clk 0:01:01]} 32. Nxb6 {[%clk 0:02:22]} axb6 {[%clk 0:01:08]} 33. Nc4
{[%clk 0:02:22]} Nc6 {[%clk 0:01:11]} 34. Nb2 {[%clk 0:02:11]} Ke7
{[%clk 0:01:16]} 35. Kf2 {[%clk 0:02:19]} Nb4 {[%clk 0:01:11]} 36. Bb1
{[%clk 0:02:28]} Ba6 {[%clk 0:01:20]} 37. Ke1 {[%clk 0:02:36]} g5
{[%clk 0:01:24]} 38. a3 {[%clk 0:02:32]} Nc6 {[%clk 0:01:33]} 39. Bd3
{[%clk 0:01:44]} Bxd3 {[%clk 0:01:30]} 40. Nxd3 {[%clk 0:01:52]} Na5
{[%clk 0:01:38]} 41. b4 {[%clk 0:01:56]} Nc4 {[%clk 0:01:39]} 42. Bc1
{[%clk 0:02:06]} cxb4 {[%clk 0:01:45]} 43. Nxb4 {[%clk 0:01:58]} Nd6
{[%clk 0:01:35]} 44. e5 {[%clk 0:01:57]} Ne4 {[%clk 0:01:41]} 45. exf6+
{[%clk 0:01:44]} Kxf6 {[%clk 0:01:49]} 46. fxg5+ {[%clk 0:01:41]} hxg5
{[%clk 0:00:50]} 47. g4 {[%clk 0:01:47]} Ke5 {[%clk 0:00:56]} 48. Ke2
{[%clk 0:01:39]} Kd4 {[%clk 0:01:04]} 49. Kf3 {[%clk 0:01:26]} Nc3
{[%clk 0:00:14]} 50. Bxg5 {[%clk 0:01:28]} e5 {[%clk 0:00:23]} 51. Bf6
{[%clk 0:01:21]} Kc4 {[%clk 0:00:30]} 52. g5 {[%clk 0:01:17]} b5 {[%clk 0:00:19]}
53. g6 {[%clk 0:01:22]} e4+ {[%clk 0:00:28]} 54. Kg2 {[%clk 0:01:04]} e3
{[%clk 0:00:37]} 55. g7 {[%clk 0:01:13]} 1-0